<?xml version="1.0" encoding="UTF-8"?>
<record
    xmlns:xsi="http://www.w3.org/2001/XMLSchema-instance"
    xsi:schemaLocation="http://www.loc.gov/MARC21/slim http://www.loc.gov/standards/marcxml/schema/MARC21slim.xsd"
    xmlns="http://www.loc.gov/MARC21/slim">

  <leader>00891nam a2200205 i 4500</leader>
  <controlfield tag="001">117497</controlfield>
  <controlfield tag="003">ES-MaACL</controlfield>
  <controlfield tag="005">20250930063117.0</controlfield>
  <controlfield tag="007">t|</controlfield>
  <controlfield tag="008">070214m19081947sp      r    ||||1| spa d</controlfield>
  <datafield tag="100" ind1="1" ind2=" ">
    <subfield code="a">Pano y Ruata, Mariano de, </subfield>
    <subfield code="d">1847-1948</subfield>
    <subfield code="9">88810</subfield>
  </datafield>
  <datafield tag="245" ind1="1" ind2="3">
    <subfield code="a">La Condesa de Bureta, D&#xAA; Mar&#xED;a Consolaci&#xF3;n de Azlor y Villavicencio, y el Regente, Don Pedro M&#xAA; Ric y Monserrat </subfield>
    <subfield code="b">: episodios y documentos de los sitios de Zaragoza / </subfield>
    <subfield code="c">por Mariano Pano y Ruata.</subfield>
  </datafield>
  <datafield tag="260" ind1=" " ind2=" ">
    <subfield code="a">Zaragoza : </subfield>
    <subfield code="b">Mariano Escar, </subfield>
    <subfield code="c">1908-1947.</subfield>
  </datafield>
  <datafield tag="300" ind1=" " ind2=" ">
    <subfield code="a">2 v., 6 l&#xE1;m. : </subfield>
    <subfield code="b">il. ; </subfield>
    <subfield code="c">23 y 24 cm.</subfield>
  </datafield>
  <datafield tag="600" ind1="1" ind2="4">
    <subfield code="a">Ric y Montserrat, Pedro Mar&#xED;a </subfield>
    <subfield code="c">Bar&#xF3;n de Valdeolivos.</subfield>
    <subfield code="9">152610</subfield>
  </datafield>
  <datafield tag="600" ind1="1" ind2="4">
    <subfield code="a">Bureta, Mar&#xED;a de la Consolaci&#xF3;n Azlor </subfield>
    <subfield code="c">Condesa de (</subfield>
    <subfield code="d">1773-1814)</subfield>
    <subfield code="9">152611</subfield>
  </datafield>
  <datafield tag="651" ind1=" " ind2="4">
    <subfield code="a">Zaragoza-</subfield>
    <subfield code="x">Historia-</subfield>
    <subfield code="y">1808-1809, Sitio.</subfield>
    <subfield code="9">142068</subfield>
  </datafield>
  <datafield tag="852" ind1=" " ind2=" ">
    <subfield code="a">ES-MaACL</subfield>
    <subfield code="j">C-4478-79</subfield>
  </datafield>
  <datafield tag="999" ind1=" " ind2=" ">
    <subfield code="c">117497</subfield>
    <subfield code="d">117497</subfield>
  </datafield>
  <datafield tag="952" ind1=" " ind2=" ">
    <subfield code="0">0</subfield>
    <subfield code="1">0</subfield>
    <subfield code="4">0</subfield>
    <subfield code="7">0</subfield>
    <subfield code="a">ATENEOM</subfield>
    <subfield code="b">ATENEOM</subfield>
    <subfield code="c">SPAL</subfield>
    <subfield code="d">2008-01-17</subfield>
    <subfield code="e">SC</subfield>
    <subfield code="l">0</subfield>
    <subfield code="o">C-4478-79</subfield>
    <subfield code="p">1122498</subfield>
    <subfield code="r">2023-02-23 00:00:00</subfield>
    <subfield code="w">2023-02-23</subfield>
    <subfield code="y">MONOGRAFIA</subfield>
  </datafield>
</record>
